All one word Taylor Swift songs - Statistics

General Stats
  • This quiz has been taken 62 times
  • The average score is 43 of 61
Answer Stats
Answer % Correct
red
100%
me!
91%
fearless
89%
willow
89%
august
87%
dress
87%
lover
87%
betty
82%
cardigan
82%
evermore
82%
gorgeous
82%
maroon
82%
delicate
80%
mean
80%
clean
78%
haunted
78%
marjorie
78%
mine
78%
question...?
78%
style
78%
afterglow
76%
enchanted
76%
karma
76%
"slut!"
76%
fifteen
73%
fortnight
73%
daylight
71%
exile
71%
treacherous
71%
bejeweled
69%
hoax
69%
peter
69%
cassandra
67%
robin
67%
seven
67%
superman
67%
wonderland
67%
dorothea
64%
glitch
64%
innocent
64%
labyrinth
64%
mirrorball
64%
paris
64%
ronan
64%
timeless
64%
mastermind
62%
ours
62%
peace
62%
superstar
62%
epiphany
60%
florida!!!
60%
change
58%
Invisible
58%
ivy
58%
babe
53%
breathe
53%
closure
53%
starlight
53%
run
51%
hapiness
47%
untouchable
47%
No matching quizzes found
Score Distribution
Percent of People with Each Score
Percentile by Number Answered
Your Score History
You have not taken this quiz